Movies Quiz

Random Movies or Disney Quiz

Which Disney movie is this character from Quiz Stats

 Plays Quiz not verified by Sporcle

Challenge
Share
Tweet
Embed
Score 0/22 Timer 04:00
0 Plays Today
Hint Answer % Correct
ZazuThe Lion King
98.9%
RajahAladdin
96.6%
LumiereBeauty and the Beast
96.6%
Prince PhillipSleeping Beauty
95.5%
DrizellaCinderella
94.3%
Cheshire CatAlice in Wonderland
93.2%
Mrs. JumboDumbo
92%
DocSnow White and the Seven Dwarfs
89.8%
YaoMulan
89.8%
SmeePeter Pan
88.6%
FlowerBambi
88.6%
Hint Answer % Correct
MegHercules
87.5%
YzmaEmperor's New Groove
87.5%
Pongo101 Dalmatians
87.5%
NaniLilo and Stitch
77.3%
MikoPocahontas
73.9%
KalaTarzan
72.7%
Mama OdieThe Princess and the Frog
71.6%
Uncle WaldoThe Aristocats
68.2%
GrimsbyThe Little Mermaid
64.8%
Jenny FoxworthOliver and Company
59.1%
CandlewickPinocchio
50%

You're not logged in!

Compare scores with friends on all Sporcle quizzes.
Join for Free
OR
Log In

You Might Also Like...

Show Comments

Extras

Created Nov 28, 2015ReportNominate
Tags:Disney Quiz, character

Top Quizzes Today


Score Distribution

Your Account Isn't Verified!

In order to create a playlist on Sporcle, you need to verify the email address you used during registration. Go to your Sporcle Settings to finish the process.

Report this User

Report this user for behavior that violates our Community Guidelines.

Details: